000 01133cab a2200313 4500
001 ABS57705
008 090401t1997 xxu||||| |||| 00| 0 eng d
035 _a(Sirsi) u81504
041 _aeng
100 _aThorpe, S.
245 _aReception areas
260 _c1997
350 _a0
490 _aAccess by Design
_v(73) May-August 1997, 9-10(2)
520 _aConsiders the basic features of reception areas from the viewpoint of a disabled user. Looks at the entrance, stairs and lifts, counters, acoustic conditions, facilities, security, signage and flooring, and offers guidance on their design.
650 _aMANAGEMENT-BUSINESS MANAGEMENT-DISCRIMINATION-DISABILITY DISCRIMINATION-ACCESSIBILITY
650 _aBUILT ENVIRONMENT-CONSTRUCTION DESIGN-ACOUSTICS
650 _aDESIGN FEATURES
650 _aENTRANCES
650 _aFLOORING
650 _aLIFTS
650 _aRECEPTION AREAS
650 _aSECURITY
650 _aSIGNS
650 _aBUILT ENVIRONMENT-BUILDING ELEMENTS-COMPLETE BUILDING ELEMENTS-STAIRS
690 _aBUILT ENVIRONMENT-CONSTRUCTION DESIGN
942 _n0
948 _c16/10/1997
999 _c51348
_d51348